Breaking Bad Quiz (Deutsch) - Statistiken

Allgemein
  • Dieses Quiz wurde 1.016 mal gespielt
    1.007 seit der letzten Aktualisierung
  • Das Durchschnittsergebnis liegt bei 10 aus 17
Antwortstatistiken
Frage Antwort % Korrekt
Was treibt Walt eines Tages im Labor in den Wahnsinn? Eine Fliege
94%
Wie kommt Walt auf die Idee Meth zu kochen? Er begleitet seinen Schwager bei einer Drogenrazzia
90%
Wie heißt der Anwalt Saul Goodman mit richtigen Namen? James McGill
86%
Mit welcher Automarke gelang Jesse in der letzten Folge der Serie die Flucht in die Freiheit? Chevrolet, El Camino
78%
Wo wohnten die White´s Negra Arroyo Lane 308, Albuquerque
66%
Wie heißt die Prostituierte, mit dessen Hilfe Hank versucht, Walt jr. das Kiffen auszutreiben, und später auch mehrmals Jesse aus der Patsche hilft? Wendy
64%
Wie heißt die Firma, die es Walt und Jesse ermöglicht, wechselnde Häuser als Drogenlabor zu verwenden? Vamonos Pest
63%
Was für einen Fleck hat der Arzt, der bei Walt den Krebs diagnostiziert, an seinem Rewehr? Senf
62%
Wie heißt die Enkelin von Mike Ehrmentraut? Kaylie
57%
An welcher Behinderung leidet Walter Jr., der 15-jährige Sohn der Whites? Cerebralparese
51%
Mit was wurde Brock vergiftet Maiglöckchen
49%
Welchen Snack hat Jesse im Überfluss gekauft, als er und Walt, 4 Tage in der Wüste durchkochen wollen? Zwiebelringe
48%
Zum Schluss liegt Walt im Labor im Sterben. Welches Lied läuft am Ende der Serie? „Baby Blue“ von Badfinger
45%
Wer war die erste Person, die von Walter umgebracht wurde Emilio Koyama
43%
Wie viele Personen ließ Walter innerhalb 2 min im Gefängnis umbringen 9
42%
Als Walt und Jesse vor der Wäscherei ein Gespräch führen, in dessen Verlauf Walt Jesse fragt, was dieser sich so im Fernsehen anschaut, antwortet Jesse? Ice Road Truckers
42%
Um wie viel Geld wetten Hank und Gomez in der Ersten Folge, ob der Verdächtige in dem observierten Haus, Mexikaner ist? 40 Dollar
18%
Keine übereinstimmenden Quizze gefunden
Verteilung der Resultate
Anzahl Personen mit jedem Resultat
Perzentil nach korrekt beantworteten Fragen
Ihre Resultats-Entwicklung
Sie haben dieses Quiz seit der letzten Aktualisierung nicht gespielt